Statistics for Anything but Mauritania

Click here to take the quiz!

General Stats

  • This quiz has been taken 110 times
    (106 since last reset)
  • The average score is 26 of 45

Answer Stats

Hint Answer % Correct
M countries in Africa &
borders Senegal
Mali
95%
M countries in Africa & Ara-
bic is an official language
Morocco
92%
Have 'tan in their nameUzbekistan
88%
Have 'tan' in their nameKyrgyzstan
86%
M countries in AfricaMozambique
86%
Have 'tan' in their nameAfghanistan
86%
Have 'tan' in their nameKazakhstan
86%
Have 'tan' in their namePakistan
85%
Population density below 5
people per sq. mile & Arabic
is an official language
Libya
83%
Have 'tan' in their nameTurkmenistan
83%
African nations with Arabic
as an official language
Egypt
81%
Have 'tan' in their nameTajikistan
81%
African nations with Arabic
as an official language
Algeria
80%
Border SenegalGambia
80%
African nations with Arabic
as an official language
Tunisia
77%
M countries in AfricaMauritius
76%
Capital starts with N & Ara-
bic is an official language
Chad
74%
African nations with Arabic
as an official language
Sudan
73%
Border SenegalGuinea
71%
M countries in AfricaMadagascar
71%
Capital starts with NNiger
70%
M countries in AfricaMalawi
70%
Population density below 5
people per sq. mile
Mongolia
69%
African nations with Arabic
as an official language
Somalia
65%
Border SenegalGuinea-Bissau
64%
African nations with Arabic
as an official language
Djibouti
61%
Have ' tan' in their nameTanzania
60%
African nations with Arabic
as an official language
Eritrea
58%
Population density below 5
people per sq. mil
Canada
58%
Capital starts with NKenya
56%
Population density below 5
people per sq. mile
Australia
51%
Population density below 5
people per sq. mile
Namibia
36%
African nations with Arabic
as an official language
Comoros
36%
Have 'tan' in their nameBhutan
32%
Capital starts with NBahamas
27%
Capital starts with NBurma
24%
Population density below 5
people per sq. mile
Denmark
24%
Capital starts with NIndia
24%
Population density below 5
people per sq. mile
Iceland
23%
Population density below 5
people per sq. mile
Botswana
19%
Capital starts with NTonga
19%
Capital starts with NPalau
19%
Capital starts with NCyprus
18%
Population density below 5
people per sq. mile
Guyana
11%
Population density below 5
people per sq. mile
Suriname
8%

Score Distribution

Percentile by Number Answered

Percent of People with Each Score

Your Score History

You have not taken this quiz since the last reset